000 00286nam a22001217a 4500
003 OSt
005 20260211103722.0
008 260211b |||||||| |||| 00| 0 eng d
040 _cHLCS
082 _a362.19697
_bBYA
245 _aReduce SSDDMIM, Multiply SAVE &Defeat HIV
942 _2ddc
_cBK
999 _c4155
_d4155